| 000 | 00705nam a2200193 i 4500 | ||
|---|---|---|---|
| 001 | 129014 | ||
| 003 | ES-MaACL | ||
| 005 | 20231204170724.0 | ||
| 007 | t| | ||
| 008 | 070601s1934 sp ||||1| spa d | ||
| 080 | _a895.4-2(082) | ||
| 245 | 0 | 0 |
_aTeatro tibetano / _cprólogo y traducción de Cristóbal de Castro. |
| 260 |
_aMadrid : _bM. Aguilar, _c1934. |
||
| 300 |
_a142 p. ; _c20 cm. |
||
| 505 | 8 | _aContiene: Tchrimekundan o El hijo del rey (tragedia).-- Drozanonmo o La Brahmina(cuento de hadas).-- Nansal o El brillante de cien mil luces (drama histórico) | |
| 700 | 1 |
_aCastro, Cristóbal de, _d1874-1953 _936843 |
|
| 852 |
_aES-MaACL _jC-4168 _bR.24090 |
||
| 999 |
_c129014 _d129014 |
||